[Event "Dyfed Major op 49th"]
[Site "Fishguard"]
[Date "2020.02.15"]
[Round "3"]
[White "Gunn, Tom"]
[Black "Paffard, Mark"]
[Result "1/2-1/2"]
[WhiteElo "1422"]
[BlackElo "1603"]
[PlyCount "64"]
[EventDate "2020.02.14"]
[EventType "swiss"]
[EventRounds "5"]
[EventCountry "WLS"]
[SourceTitle "EXT 2022"]
[Source "ChessBase"]
[SourceDate "2021.10.06"]
[SourceVersion "1"]
[SourceVersionDate "2021.10.06"]
[SourceQuality "1"]

1. d4 Nf6 2. Nf3 b6 3. e3 Bb7 4. Bd3 Ne4 5. 0-0 d5 6. c4 e6 7. cxd5 exd5 8. a3 Nd7 9. Nc3 Be7 10. Qc2 f5 11. b4 0-0 12. Bb2 Ndf6 13. Rac1 a6 14. Ne2 Bd6 15. Ne5 g5 16. f3 g4 17. Nf4 gxf3 18. gxf3 Ng5 19. Qg2 Kh8 20. Qxg5 Bxe5 21. Qxf5 Bxf4 22. exf4 Bc8 23. Qe5 Bh3 24. Rxc7 Rg8+ 25. Kf2 Rg2+ 26. Ke1 Rg7 27. Rxg7 Kxg7 28. Rg1+ Kh8 29. Qg5 Qe7+ 30. Kd1 Rg8 31. Re1 Qf7 32. Qe5 Re8 1/2-1/2